E-commerce Industry Chain (Record no. 6802)

MARC details
005 - DATE AND TIME OF LATEST TRANSACTION
control field 20260313100847.0
020 ## - INTERNATIONAL STANDARD BOOK NUMBER
International Standard Book Number 9789819900459
100 ## - MAIN ENTRY--PERSONAL NAME
Author name SHUAI,Q
245 ## - TITLE STATEMENT
Title E-commerce Industry Chain
260 ## - PUBLICATION, DISTRIBUTION, ETC.
Place of publication, distribution, etc. Sichuan
Name of publisher, distributor, etc. Xian Jiaotong
Date of publication, distribution, etc. 2023
300 ## - PHYSICAL DESCRIPTION
Extent ix,377p;ill;graph,table,
Dimensions 23cm
700 ## - ADDED ENTRY--PERSONAL NAME
Other authors/Editors lI,Z, ZHANG,Y
942 ## - ADDED ENTRY ELEMENTS (KOHA)
Source of classification or shelving scheme Dewey Decimal Classification
Koha item type Books
Holdings
Date last seen Total checkouts Full call number Barcode Price effective from Koha item type Lost status Source of classification or shelving scheme Damaged status Not for loan Withdrawn status Home library Current library Shelving location Date acquired Source of acquisition Date due Date last checked out
03/13/2026   658.05 SHU MBY0001051 03/13/2026 Books   Dewey Decimal Classification       CBE MBEYA CBE MBEYA General Collection 02/27/2026 PURCHASE    
03/13/2026   658.05 SHU MBY0001052 03/13/2026 Books   Dewey Decimal Classification       CBE MBEYA CBE MBEYA General Collection 02/27/2026 PURCHASE    
05/06/2026 1 658.05 SHU MBY0001053 03/13/2026 Books   Dewey Decimal Classification       CBE MBEYA CBE MBEYA General Collection 02/27/2026 PURCHASE 06/03/2026 05/06/2026